[Event "15th LCC Super Rapid 2025"]
[Site "London ENG"]
[Date "2025.12.07"]
[Round "7.38"]
[White "Pereslavtsev, Alexandr"]
[Black "Dishman, Stephen"]
[Result "0-1"]
[BlackTitle "FM"]
[WhiteElo "2044"]
[BlackElo "2239"]
[WhiteFideId "343401449"]
[BlackFideId "403024"]
[EventDate "2025.12.06"]

1. d4 d5 2. c4 c6 3. Nc3 Nf6 4. Nf3 dxc4 5. a4 e6 6. e3 c5 7. Bxc4 Nc6 8. O-O
cxd4 9. exd4 Be7 10. Re1 O-O 11. Bf4 Nd5 12. Nxd5 exd5 13. Bb5 Bg4 14. Bxc6 bxc6
15. Rc1 Bb4 16. Re3 Bxf3 17. Rxf3 Rc8 18. Qd3 a5 19. Rg3 Re8 20. h4 Qxh4 21. Qf5
g6 22. Be5 Qxg3 23. Qf6 Rxe5 24. fxg3 Rf5 25. Qh4 Re8 26. g4 Rf4 27. Rxc6 Rxd4
28. Qf2 Rxg4 29. Rc7 Re1+ 30. Kh2 Bd6+ 31. Kh3 Rg3+ 32. Qxg3 Bxg3 33. Kxg3 Re3+
34. Kf2 Rb3 35. Rc5 Rxb2+ 36. Kf3 Rb3+ 37. Kf2 d4 38. Rxa5 Ra3 39. Ra8+ Kg7 40.
a5 h5 41. Rd8 Rxa5 42. Rxd4 Ra3 43. Rd6 g5 44. Rc6 f6 45. Rc5 Kg6 46. Rd5 h4 47.
Rb5 g4 48. Rb2 Kg5 49. Rb5+ f5 50. Rb1 Ra2+ 51. Kf1 g3 52. Rc1 Kg4 53. Rc4+ Kg5
54. Rc1 Rf2+ 55. Kg1 Kg4 56. Rc4+ Rf4 57. Rc1 Ra4 58. Rf1 f4 59. Kh1 h3 60. Kg1
hxg2 61. Rb1 Kh3 62. Rd1 f3 63. Rb1 f2# 0-1

[Event "15th LCC Super Rapid 2025"]
[Site "London ENG"]
[Date "2025.12.07"]
[Round "7.39"]
[White "Noy, Eyal"]
[Black "Sanitt, Ethan"]
[Result "1-0"]
[WhiteTitle "FM"]
[WhiteElo "2275"]
[BlackElo "2113"]
[WhiteFideId "2821117"]
[BlackFideId "427462"]
[EventDate "2025.12.06"]

1. d4 Nf6 2. c4 c5 3. d5 b5 4. cxb5 a6 5. e3 g6 6. Nc3 Bg7 7. Nf3 O-O 8. d6 Re8
9. Bc4 exd6 10. Qxd6 axb5 11. Nxb5 Bb7 12. Ng5 Rf8 13. Qxc5 d5 14. Be2 Nfd7 15.
Qc7 Qxg5 16. Qxb7 Qxg2 17. Rf1 Ra4 18. Bd2 Bxb2 19. Nc3 Bxa1 20. Nxa4 Bg7 21.
Nc3 Nf6 22. a4 Nbd7 23. a5 Qxh2 24. a6 Nc5 25. Qc6 Ne6 26. a7 Nc7 27. Nb5 Na8
28. Bb4 Re8 29. Bc3 Qh4 30. Bxf6 Qb4+ 31. Bc3 Qb1+ 32. Bd1 Rf8 33. Bxg7 Kxg7 34.
Rg1 Kg8 35. Rg4 Qf5 36. Rf4 Qg5 37. Bf3 d4 38. Nxd4 Qa5+ 39. Kf1 Qxa7 40. Bd5
Qe7 41. Qf6 Qa7 42. Bxf7+ Rxf7 43. Qd8+ 1-0

[Event "15th LCC Super Rapid 2025"]
[Site "London ENG"]
[Date "2025.12.07"]
[Round "7.40"]
[White "Stoyanov, Viktor"]
[Black "Ward, Cian"]
[Result "1-0"]
[WhiteTitle "FM"]
[WhiteElo "2239"]
[BlackElo "1909"]
[WhiteFideId "450308"]
[BlackFideId "475599"]
[EventDate "2025.12.06"]

1. c4 c5 2. Nf3 Nf6 3. Nc3 Nc6 4. e3 d6 5. d4 cxd4 6. exd4 Bg4 7. Be2 e5 8. Be3
Be7 9. d5 Nb8 10. Qa4+ Qd7 11. Qc2 O-O 12. O-O Na6 13. h3 Bf5 14. Qd2 Ne4 15.
Nxe4 Bxe4 16. b4 Rac8 17. Rfc1 Qc7 18. Ng5 Bxg5 19. Bxg5 Bg6 20. c5 f6 21. Be3
Rfd8 22. c6 Nb8 23. b5 b6 24. a4 f5 25. f4 Re8 26. fxe5 Rxe5 27. Bf4 Re7 28. Bf3
a5 29. Re1 Rce8 30. Rxe7 Qxe7 31. Kf1 Qf6 32. Re1 Rxe1+ 33. Qxe1 Qd4 34. Qe6+ 1-0

[Event "15th LCC Super Rapid 2025"]
[Site "London ENG"]
[Date "2025.12.07"]
[Round "7.41"]
[White "Udovenko, Daniel"]
[Black "Eggink, Mateusz"]
[Result "1-0"]
[WhiteElo "1927"]
[BlackElo "2119"]
[WhiteFideId "30957508"]
[BlackFideId "1135490"]
[EventDate "2025.12.06"]

1. d4 Nf6 2. c4 e6 3. Nf3 Bb4+ 4. Nbd2 O-O 5. a3 Be7 6. e4 d6 7. b4 Nbd7 8. Bb2
a5 9. e5 Ne8 10. Qb3 b6 11. Bd3 c5 12. dxc5 bxc5 13. b5 a4 14. Qc2 h6 15. O-O
Qc7 16. Rfe1 Bb7 17. exd6 Nxd6 18. h3 Rfd8 19. Nh2 Nf8 20. Ng4 f5 21. Nxh6+ gxh6
22. Qc3 Kf7 23. Qg7+ Ke8 24. Be5 Qa5 25. Bc3 Qc7 26. Qxh6 Nf7 27. Qe3 Bg5 28.
Qe2 Bxd2 29. Qxd2 Be4 30. Re3 Rxd3 31. Rxd3 Bxd3 32. Qxd3 Rd8 33. Qf3 Ne5 34.
Qg3 Nfg6 35. Re1 f4 36. Qg5 Qe7 37. Qxe7+ Kxe7 38. Bxe5 Rd3 39. Bc7 Kd7 40. b6
Rxa3 41. Rd1+ Kc8 42. Rd8+ Kb7 43. Rb8+ Kc6 44. Ra8 Ra1+ 45. Kh2 a3 46. Bd8 a2
47. Ra7 Nf8 48. h4 1-0

[Event "15th LCC Super Rapid 2025"]
[Site "London ENG"]
[Date "2025.12.07"]
[Round "7.42"]
[White "Vaidyanathan, Adithya"]
[Black "Vaidyanathan, Sathya"]
[Result "0-1"]
[WhiteElo "2129"]
[BlackElo "1785"]
[WhiteFideId "495450"]
[BlackFideId "490539"]
[EventDate "2025.12.06"]

1. Nf3 d5 2. g3 Nf6 3. Bg2 c5 4. O-O Nc6 5. d3 b6 6. Nbd2 Bb7 7. Re1 e6 8. e4
Be7 9. e5 Nd7 10. Nf1 O-O 11. h4 Qc7 12. Bf4 Rfe8 13. h5 h6 14. Qd2 Nf8 15. Ne3
Qd7 16. Ng4 Nh7 17. Nfh2 f6 18. exf6 Bxf6 19. Nxf6+ Nxf6 20. Bh3 Qf7 21. Ng4
Nxg4 22. Bxg4 e5 23. Bxh6 gxh6 24. Qxh6 Qg7 25. Be6+ Kf8 26. Qxg7+ Kxg7 27. Bxd5
Na5 28. Bxb7 Nxb7 29. Re3 Re6 30. Rae1 Rae8 31. Kg2 Nd6 32. g4 Kf6 33. Kg3 Kg5
34. c3 e4 35. f4+ Kf6 36. f5 R6e7 37. dxe4 Rxe4 38. Rxe4 Rxe4 39. Rd1 Nf7 40.
Kh4 Re2 41. b4 cxb4 42. cxb4 Rh2+ 43. Kg3 Rxa2 44. h6 Nxh6 45. Rd6+ Kg7 46. Rg6+
Kh7 47. Kf4 Nf7 48. Rf6 Kg7 49. Rg6+ Kh7 50. Ke4 Ra4 51. Kd5 Rxb4 52. Ke6 Nh6
53. g5 Nxf5 54. Rf6 Ng7+ 55. Kf7 Rh4 56. Kf8 Rh5 57. g6+ Kh6 58. Rd6 Rg5 59. Kf7
Rf5+ 60. Kg8 Re5 61. Rd7 Re6 62. Rxa7 Rxg6 63. Kf7 Nf5 64. Ra3 Kg5 65. Ra2 Rc6
66. Ke8 b5 67. Kd7 Nd4 68. Rd2 Rc4 69. Kd6 Kf4 70. Kd5 Ke3 71. Rb2 Kd3 72. Rh2
Kc3 73. Rh1 Kb4 74. Rb1+ Nb3 75. Rb2 Rc8 76. Rh2 Ka3 77. Rh7 b4 78. Ra7+ Kb2 79.
Rb7 Kc3 80. Rb6 Nd2 81. Rh6 b3 82. Rh3+ Kb4 83. Rh2 b2 84. Rxd2 b1=Q 85. Rd4+
Kb5 86. Ke5 Re8+ 87. Kf6 Qf1+ 88. Kg7 Qg1+ 89. Kf7 Qxd4 90. Kxe8 Qg7 91. Kd8 Kc6
92. Ke8 Kd6 93. Kd8 Qf8# 0-1

[Event "15th LCC Super Rapid 2025"]
[Site "London ENG"]
[Date "2025.12.07"]
[Round "7.43"]
[White "Banerjee, Supratit"]
[Black "Breton, Martin"]
[Result "1-0"]
[WhiteTitle "FM"]
[WhiteElo "2323"]
[BlackElo "1772"]
[WhiteFideId "2410079"]
[BlackFideId "343428916"]
[EventDate "2025.12.06"]

1. e4 e5 2. Nf3 Nc6 3. Nc3 Nf6 4. Nd5 d6 5. d4 exd4 6. Nxd4 Nxd5 7. exd5 Qe7+ 8.
Be3 Ne5 9. Be2 Bd7 10. c4 g6 11. O-O Qh4 12. g3 Qh3 13. Re1 O-O-O 14. Bf1 Qg4
15. h3 Qxd1 16. Raxd1 c5 17. dxc6 Bxc6 18. Bg5 Re8 19. Bf6 Rg8 20. f4 Bf3 21.
Rd3 Be4 22. Rxe4 Nf3+ 23. Nxf3 Rxe4 24. Ng5 Rxc4 25. Nxf7 Rc6 26. Bg2 d5 27. Bd4
Bc5 28. Bxd5 Bxd4+ 29. Rxd4 Rf6 30. Nd6+ Rxd6 31. Rc4+ Kd7 32. Bxg8 Rd1+ 33. Kf2
Rd2+ 34. Kf3 Rxb2 35. Bxh7 Rxa2 36. Bxg6 b5 37. Rd4+ Ke7 38. h4 a5 39. h5 a4 40.
h6 Rh2 41. h7 a3 42. Bb1 a2 43. Bxa2 Rxh7 44. Rb4 Rh5 45. Bb1 Rc5 46. Bd3 Kf6
47. Rxb5 Rc3 48. Rd5 Ke6 49. Re5+ Kf6 50. Re3 Rc7 51. g4 Kg7 52. g5 Kh8 53. f5
Kg7 54. f6+ Kf8 55. g6 Rc8 56. g7+ Kf7 57. Bh7 Rh8 58. Bg6+ Kxg6 59. gxh8=Q Kf5
60. f7 Kg6 61. f8=N+ Kf7 62. Ne6 Kg6 63. Qg8+ Kf6 64. Qg7+ Kf5 65. Nd4# 1-0

[Event "15th LCC Super Rapid 2025"]
[Site "London ENG"]
[Date "2025.12.07"]
[Round "7.44"]
[White "Bharat Kumar, Balahari"]
[Black "Aizenberg, Benny"]
[Result "0-1"]
[BlackTitle "IM"]
[WhiteElo "2094"]
[BlackElo "2444"]
[WhiteFideId "496464"]
[BlackFideId "2821125"]
[EventDate "2025.12.06"]

1. d4 f5 2. c4 Nf6 3. g3 g6 4. Bg2 Bg7 5. Nf3 O-O 6. O-O d6 7. Nc3 c6 8. b3 Na6
9. Bb2 Qc7 10. d5 Ne4 11. Nd4 cxd5 12. Nxd5 Qd8 13. e3 e6 14. Nc3 Nac5 15. b4
Nxc3 16. Bxc3 Ne4 17. Bb2 Bd7 18. Qc2 Rc8 19. Qd3 Qb6 20. a3 a5 21. Rac1 axb4
22. Bxe4 fxe4 23. Qxe4 Rfe8 24. Rfd1 bxa3 25. Bxa3 Qa6 26. Qd3 Bf8 27. Nb5 d5
28. Bxf8 Rxf8 29. Rb1 Rxc4 30. Nd4 b5 31. Qb3 b4 32. Ra1 Qb7 33. Rdc1 Rfc8 34.
Rcb1 Ra8 35. Rxa8+ Qxa8 36. Nf3 Ba4 37. Ra1 Rc1+ 0-1

[Event "15th LCC Super Rapid 2025"]
[Site "London ENG"]
[Date "2025.12.07"]
[Round "7.45"]
[White "Emms, John M"]
[Black "Shaw, Dashiell L"]
[Result "1-0"]
[WhiteTitle "GM"]
[WhiteElo "2412"]
[BlackElo "1972"]
[WhiteFideId "400254"]
[BlackFideId "412007"]
[EventDate "2025.12.06"]

1. e4 c5 2. Nf3 Nc6 3. Bb5 g6 4. O-O Bg7 5. c3 Nf6 6. Re1 O-O 7. d4 cxd4 8. cxd4
d5 9. e5 Ne4 10. Bxc6 bxc6 11. Be3 Qb6 12. Qc1 Rb8 13. b3 Be6 14. Nc3 Nxc3 15.
Qxc3 Rfc8 16. h3 Qb5 17. Qd2 a5 18. Rec1 a4 19. Rc5 Qb4 20. bxa4 Qxa4 21. Bg5
Rb7 22. Ra5 Qb4 23. Qxb4 Rxb4 24. Bxe7 Rc4 25. a4 Bf5 26. Bc5 f6 27. exf6 Bxf6
28. Re1 Bc2 29. Ne5 Bxe5 30. Rxe5 Rxa4 31. Rxa4 Bxa4 32. Re7 Rd8 33. f3 Bb5 34.
Kh2 Bd3 35. h4 h5 36. Kg3 Bf1 37. Rc7 Bb5 38. Kf4 Re8 39. Kg5 Re2 40. g4 Rg2 41.
Kxg6 Bd3+ 42. Kxh5 Be2 43. Kg6 Bd3+ 44. Kh6 Be2 45. g5 Rh2 46. g6 Rxh4+ 47. Kg5
Rh1 48. Rc8+ Kg7 49. Bf8+ Kg8 50. Bh6# 1-0

[Event "15th LCC Super Rapid 2025"]
[Site "London ENG"]
[Date "2025.12.07"]
[Round "7.46"]
[White "Camacho Collados, Jose"]
[Black "Patel, Zain"]
[Result "1-0"]
[WhiteTitle "IM"]
[WhiteElo "2364"]
[BlackElo "2033"]
[WhiteFideId "2265427"]
[BlackFideId "469246"]
[EventDate "2025.12.06"]

1. Nf3 Nf6 2. d4 e6 3. Bg5 Be7 4. Nbd2 d5 5. e3 O-O 6. Bd3 Nbd7 7. c3 b6 8. Ne5
Nxe5 9. dxe5 Nd7 10. Bf4 f5 11. exf6 Nxf6 12. Nf3 Bb7 13. Qc2 c5 14. Ng5 Qd7 15.
Bxh7+ Kh8 16. Bg6 d4 17. O-O-O Qd5 18. c4 Qd7 19. exd4 cxd4 20. Rd3 Bxg2 21. Rg1
Nd5 22. Bd2 Rxf2 23. Rg3 Nf4 24. R3xg2 Rxg2 25. Rxg2 Nxg2 26. Qe4 Rc8 27. Qxg2
Rxc4+ 28. Kb1 e5 29. Nf7+ Kg8 30. Nxe5 Qa4 31. Qd5+ Kh8 32. Qa8+ 1-0

[Event "15th LCC Super Rapid 2025"]
[Site "London ENG"]
[Date "2025.12.07"]
[Round "7.47"]
[White "Abhyuday, Santhosh"]
[Black "Stephan, Axel"]
[Result "1-0"]
[WhiteTitle "CM"]
[WhiteElo "2094"]
[BlackElo "2228"]
[WhiteFideId "25624849"]
[BlackFideId "4632834"]
[EventDate "2025.12.06"]

1. e4 c5 2. Nf3 e6 3. b3 d6 4. d4 cxd4 5. Nxd4 Nf6 6. Nd2 a6 7. Bb2 b5 8. Bd3
Bb7 9. Qe2 Nbd7 10. O-O e5 11. Nf5 g6 12. Ng3 h5 13. Rfe1 Bg7 14. Ba3 Qb6 15.
Ngf1 Nc5 16. Bb2 O-O 17. c4 Ne6 18. Ne3 Nf4 19. Qf1 Bc6 20. Rad1 Qb7 21. f3 Rfe8
22. Bb1 a5 23. g3 Ne6 24. Qg2 Nc5 25. cxb5 Bxb5 26. Ndc4 Bxc4 27. Nxc4 Qa7 28.
Qf2 Red8 29. Nxd6 Qb6 30. Nc4 Qc7 31. Bxe5 Qc6 32. Bd6 Nb7 33. e5 Nxd6 34. Nxd6
Nd7 35. Be4 Qa6 36. Bxa8 Qxa8 37. f4 Nf8 38. Nc4 Re8 39. Rd3 Ne6 40. Red1 Bf8
41. Nd6 Rb8 42. Qg2 Qa7+ 43. Qf2 Qa8 44. Rc3 a4 45. bxa4 Qxa4 46. Rcd3 h4 47.
Kg2 Qa8+ 48. Kh3 Rb4 49. Qf3 Qxa2 50. R1d2 Qa4 51. Ra3 Qd7 52. Kg2 h3+ 53. Kf2
Qc7 54. Rc3 Qa5 55. Qd5 Rxf4+ 56. Rf3 Rxf3+ 57. Kxf3 Qc3+ 58. Rd3 Qe1 59. Kg4
Qe2+ 60. Qf3 Qxe5 61. Qxf7+ Kh8 62. Qxf8+ Nxf8 63. Nf7+ 1-0

[Event "15th LCC Super Rapid 2025"]
[Site "London ENG"]
[Date "2025.12.07"]
[Round "7.48"]
[White "Mirzoeva, Elmira"]
[Black "Viswanath, Ganesh"]
[Result "1-0"]
[WhiteTitle "WGM"]
[WhiteElo "2298"]
[BlackElo "1990"]
[WhiteFideId "4127951"]
[BlackFideId "3205738"]
[EventDate "2025.12.06"]

1. d4 Nf6 2. c4 e6 3. Nf3 b6 4. g3 Ba6 5. Qb3 c5 6. Bg2 Bb7 7. d5 exd5 8. Nh4
Nc6 9. cxd5 Nd4 10. Qd3 a5 11. Nc3 d6 12. e3 Ba6 13. Qd1 Nb5 14. Qa4 Qd7 15. Bh3
Qxh3 16. Nxb5 Kd8 17. e4 Qd7 18. Nc3 Qxa4 19. Nxa4 b5 20. Nc3 b4 21. Na4 Nxe4
22. f3 Nf6 23. Bg5 Be7 24. Nf5 Nxd5 25. Bxe7+ Nxe7 26. Nxd6 Kc7 27. Nxf7 Rhf8
28. Ng5 Rf6 29. Nxc5 Kd8 30. Kf2 h6 31. Nge6+ Kc8 32. Rac1 Nc6 33. Rhd1 Bb5 34.
Nxg7 Ra7 35. Nge6 Raf7 36. f4 Kb8 37. Nd8 Nxd8 38. Rxd8+ Ka7 39. Ne4 Re6 40. Nd6
Re2+ 41. Kf3 Rd2 42. Nxb5+ 1-0

[Event "15th LCC Super Rapid 2025"]
[Site "London ENG"]
[Date "2025.12.07"]
[Round "7.49"]
[White "Bhattacharjee, Sourav"]
[Black "Zhao, George"]
[Result "1/2-1/2"]
[BlackTitle "CM"]
[WhiteElo "2167"]
[BlackElo "2113"]
[WhiteFideId "1048090"]
[BlackFideId "494607"]
[EventDate "2025.12.06"]

1. Nf3 d5 2. g3 Nf6 3. Bg2 g6 4. d3 Bg7 5. Nbd2 O-O 6. O-O Re8 7. e4 e5 8. Re1
Nc6 9. c3 h6 10. Qc2 Be6 11. Nb3 Qe7 12. h3 Rad8 13. Be3 dxe4 14. dxe4 Bc4 15.
Rad1 Rxd1 16. Rxd1 Rd8 17. Rd2 b6 18. Nc1 Rd6 19. b3 Be6 20. Kh2 a5 21. Rxd6
Qxd6 22. Nd2 Nd7 23. Ne2 Nc5 24. f4 Nd3 25. Nf3 f5 26. exf5 Bxf5 27. Qd2 exf4
28. Nxf4 Nce5 29. Nxd3 Nxf3+ 30. Bxf3 Qxd3 31. Qxd3 Bxd3 32. Bf4 c5 33. Bc7 Bxc3
34. Bxb6 Bb1 35. a4 Bb4 36. Kg2 Kf7 37. Bd5+ Kf6 38. Bc7 Bf5 39. g4 Be6 40. Bc4
Bd7 1/2-1/2

[Event "15th LCC Super Rapid 2025"]
[Site "London ENG"]
[Date "2025.12.07"]
[Round "7.50"]
[White "Zapolskis, Antanas"]
[Black "Bansal, Saahil"]
[Result "0-1"]
[WhiteTitle "IM"]
[WhiteElo "2215"]
[BlackElo "2016"]
[WhiteFideId "12800210"]
[BlackFideId "438316"]
[EventDate "2025.12.06"]

1. e4 c6 2. d4 d5 3. e5 e6 4. Be3 Qb6 5. Qc1 c5 6. c3 Nc6 7. Nf3 Bd7 8. dxc5
Bxc5 9. Bxc5 Qxc5 10. Qg5 g6 11. Nbd2 Qb6 12. b3 Qa5 13. Qe3 Nge7 14. Be2 Nf5
15. Qd3 d4 16. cxd4 Nb4 17. Qb1 Rc8 18. O-O Nc2 19. Nc4 Qc3 20. Rc1 Qxa1 21.
Qxc2 Rxc4 22. Qxc4 Qxa2 23. Qc7 Qb2 24. Bb5 Bc6 25. Bxc6+ bxc6 26. Qxc6+ Kf8 27.
Qc3 Qxc3 28. Rxc3 Kg7 29. g4 Nh6 30. h3 Rb8 31. Nd2 Rb7 32. Ne4 Ng8 33. Nd6 Rd7
34. Rc8 Ne7 35. b4 Nxc8 36. Nxc8 Rxd4 37. b5 Rd5 38. Nd6 Rxe5 0-1

[Event "15th LCC Super Rapid 2025"]
[Site "London ENG"]
[Date "2025.12.07"]
[Round "7.51"]
[White "Fernandez, Michael"]
[Black "Jain, Gautam"]
[Result "0-1"]
[WhiteTitle "FM"]
[WhiteElo "2243"]
[BlackElo "1988"]
[WhiteFideId "5803560"]
[BlackFideId "425311"]
[EventDate "2025.12.06"]

1. c4 f5 2. Nc3 Nf6 3. d4 e6 4. h4 d6 5. h5 Nc6 6. Nf3 Be7 7. h6 g6 8. Bg5 e5 9.
d5 Nb8 10. c5 Na6 11. cxd6 cxd6 12. e3 Nc5 13. Bxf6 Bxf6 14. Bb5+ Bd7 15. Qe2
O-O 16. Bxd7 Qxd7 17. e4 Rac8 18. O-O Be7 19. Rac1 Na4 20. exf5 Nxc3 21. Rxc3
Rxc3 22. bxc3 gxf5 23. c4 b6 24. Re1 Bf6 25. Qe3 Qf7 26. Ng5 f4 27. Nxf7 fxe3
28. Nxd6 exf2+ 29. Kxf2 Be7+ 30. Ke3 Bxd6 31. Rh1 Rf4 32. Rh5 Rxc4 33. Rg5+ Kf8
34. Rg7 Rc7 35. Rg5 Rf7 36. g3 a6 37. a4 Rf6 38. Rh5 Kf7 39. Rh1 Ke7 40. Ke4 Rg6
41. Rb1 Bc7 42. a5 b5 43. Rc1 Kd7 44. Rh1 Rg4+ 45. Kf3 Rd4 46. g4 Rxd5 47. g5
e4+ 48. Kg4 Rd6 49. Re1 Re6 50. Kf5 Ke7 51. Rc1 Bxa5 52. g6 Rxg6 53. Kxe4 Rxh6
54. Rc8 Kd7 55. Ra8 Bc7 56. Kd5 Rh5+ 57. Ke4 Rh2 58. Rxa6 h5 59. Kd5 Rg2 60. Rh6
Rg5+ 61. Kd4 Bd6 62. Kd3 Kc6 63. Rh8 Kd5 64. Rd8 Rg3+ 65. Kd2 h4 66. Rh8 h3 67.
Rh4 Ra3 68. Rh5+ Be5 69. Rh4 h2 70. Kc2 Ra1 71. Rh3 h1=Q 72. Rd3+ Ke6 0-1

[Event "15th LCC Super Rapid 2025"]
[Site "London ENG"]
[Date "2025.12.07"]
[Round "7.52"]
[White "Josse, Mark"]
[Black "Li, Harvey"]
[Result "1/2-1/2"]
[WhiteTitle "CM"]
[WhiteElo "2107"]
[BlackElo "1878"]
[WhiteFideId "414476"]
[BlackFideId "343407790"]
[EventDate "2025.12.06"]

1. c4 e6 2. g3 Nf6 3. Bg2 d5 4. Nf3 Be7 5. O-O O-O 6. b3 b6 7. Bb2 Bb7 8. e3
Nbd7 9. Nc3 c6 10. Qe2 Qc7 11. Rac1 Rad8 12. Rfd1 Qb8 13. cxd5 cxd5 14. d3 a6
15. Nd4 Rfe8 16. e4 Bf8 17. exd5 exd5 18. Qd2 g6 19. Re1 Bg7 20. Rxe8+ Rxe8 21.
Re1 Rxe1+ 22. Qxe1 Qe5 23. Nf3 Qe6 24. h4 1/2-1/2

[Event "15th LCC Super Rapid 2025"]
[Site "London ENG"]
[Date "2025.12.07"]
[Round "7.53"]
[White "Hobson, Kenneth"]
[Black "Rizvi, Nasir"]
[Result "1-0"]
[WhiteTitle "FM"]
[WhiteElo "2307"]
[BlackElo "1939"]
[WhiteFideId "480819"]
[BlackFideId "1800540"]
[EventDate "2025.12.06"]

1. e4 c5 2. Nf3 d6 3. d4 cxd4 4. Nxd4 Nf6 5. Nc3 g6 6. Be3 Bg7 7. f3 O-O 8. Qd2
Nc6 9. O-O-O Nxd4 10. Bxd4 Be6 11. Kb1 Qc7 12. h4 Rfc8 13. h5 Qa5 14. hxg6 fxg6
15. a3 Rab8 16. Nd5 Qxd2 17. Rxd2 Nxd5 18. exd5 Bf7 19. Bxa7 Ra8 20. Bd4 Bxd4
21. Rxd4 Rc5 22. c4 Ra4 23. b4 Rc8 24. Kb2 Rca8 25. Rd3 e6 26. dxe6 Bxe6 27. Re3
Bf7 28. Be2 Rc8 29. Rd1 Bxc4 30. Bxc4+ Rxc4 31. Rxd6 Rc7 32. Red3 Ra8 33. b5
Rac8 34. Kb3 Rc2 35. Rd8+ Kg7 36. Rxc8 Rxc8 37. Rd7+ Kf6 38. Rxb7 h5 39. a4 h4
40. a5 Re8 41. a6 Re3+ 42. Kc4 g5 43. a7 Ra3 44. b6 Ra2 45. Rb8 1-0

[Event "15th LCC Super Rapid 2025"]
[Site "London ENG"]
[Date "2025.12.07"]
[Round "7.54"]
[White "Sisupalan, Beni"]
[Black "Walker, Samuel A"]
[Result "0-1"]
[WhiteElo "1750"]
[BlackElo "2047"]
[WhiteFideId "494585"]
[BlackFideId "412813"]
[EventDate "2025.12.06"]

1. e4 c5 2. Nf3 g6 3. d4 cxd4 4. Nxd4 Nc6 5. Nc3 Bg7 6. Be3 Nf6 7. f3 O-O 8. Qd2
d5 9. exd5 Nxd5 10. Nxd5 Qxd5 11. Nxc6 Qxc6 12. c3 Be6 13. Be2 Rfd8 14. Qc2 b5
15. O-O b4 16. c4 a5 17. Rad1 Bf5 18. Qc1 Qe6 19. b3 Bb2 20. Qxb2 Qxe3+ 21. Kh1
h5 22. Rfe1 Qc3 23. Qc1 Kg7 24. Bf1 e6 25. c5 Rxd1 26. Rxd1 Rc8 27. Bc4 Qxc1 28.
Rxc1 Rxc5 29. Rd1 e5 30. Kg1 a4 31. Kf2 Bc2 32. Rd2 Rxc4 33. bxc4 b3 34. axb3
axb3 35. Ke3 b2 36. Rxc2 b1=Q 37. Kd2 Qb4+ 38. Kd3 Qc5 39. h3 h4 40. Re2 Qd4+
41. Kc2 Qxc4+ 42. Kd2 Qd4+ 43. Ke1 g5 44. Re4 Qg1+ 45. Ke2 Qxg2+ 46. Ke3 f6 47.
Ra4 Qg1+ 48. Ke2 Kg6 49. Re4 Kf5 50. Ra4 Qh2+ 51. Ke3 Qxh3 0-1

[Event "15th LCC Super Rapid 2025"]
[Site "London ENG"]
[Date "2025.12.07"]
[Round "7.55"]
[White "Bevis, Noah"]
[Black "Quilter, Thomas A"]
[Result "1/2-1/2"]
[BlackTitle "CM"]
[WhiteElo "1921"]
[BlackElo "2162"]
[WhiteFideId "343434630"]
[BlackFideId "408530"]
[EventDate "2025.12.06"]

1. d4 Nf6 2. c4 d6 3. Nc3 e5 4. e3 Nc6 5. Nf3 g6 6. Be2 Bg7 7. O-O O-O 8. Rb1
Bf5 9. Ra1 e4 10. Nd2 h5 11. a3 a5 12. b3 h4 13. h3 g5 14. f3 exf3 15. Nxf3 Ne4
16. Nxe4 Bxe4 17. Bb2 f5 18. Nd2 Qe7 19. Bf3 Bxf3 20. Qxf3 g4 21. hxg4 fxg4 22.
Qd5+ Kh7 23. Rae1 Bh6 24. Qe4+ Qxe4 25. Nxe4 Kg6 26. Nf2 Kh5 27. d5 Ne7 28. Ne4
Nf5 29. Nf6+ Rxf6 30. e4 Rf7 31. exf5 Raf8 32. f6 Bg5 33. Re6 Kg6 34. Re4 g3 35.
Bc3 Kh5 36. Re6 Kg6 37. Re4 Kh5 38. Re6 Kg6 39. Re4 Kh5 40. Re6 Kg6 1/2-1/2

[Event "15th LCC Super Rapid 2025"]
[Site "London ENG"]
[Date "2025.12.07"]
[Round "7.56"]
[White "Onslow, Alfie"]
[Black "Palani Narendhranath"]
[Result "0-1"]
[WhiteElo "2163"]
[BlackElo "1836"]
[WhiteFideId "436976"]
[BlackFideId "46608680"]
[EventDate "2025.12.06"]

1. Nf3 d5 2. c4 Nf6 3. cxd5 Nxd5 4. d4 g6 5. e4 Nf6 6. Nc3 Bg7 7. Bc4 O-O 8. e5
Ne8 9. Be3 c6 10. h4 h5 11. Qd2 Nc7 12. Bh6 Bf5 13. Ne2 Nd7 14. Ng3 Bg4 15. Bxg7
Kxg7 16. Nh2 Nb6 17. Nxg4 hxg4 18. Bb3 Qd7 19. O-O-O Rh8 20. h5 Ne6 21. hxg6
fxg6 22. Bxe6 Qxe6 23. Qg5 Kf7 24. Kb1 Nd5 25. f3 Nb4 26. d5 Nxd5 27. fxg4 Rag8
28. Ne4 Ke8 29. Nc5 Qc8 30. Rxh8 Rxh8 31. Qxg6+ Kd8 32. Ne6+ Kd7 33. Nf4 Qg8 34.
Qf5+ e6 35. Qd3 Qh7 36. g5 Qxd3+ 37. Rxd3 Rg8 38. g6 Ke7 39. Nxd5+ exd5 40. Rg3
Ke6 41. Rg5 a5 42. Kc2 b5 43. Kd3 c5 44. Ke3 a4 45. a3 Rg7 46. Kf4 Rg8 47. g4
Rg7 48. Ke3 b4 49. axb4 cxb4 50. Kd4 a3 51. bxa3 bxa3 52. Rf5 Rxg6 53. Rf4 a2
54. Rf1 Rxg4+ 55. Kd3 Kxe5 56. Ra1 Rg3+ 57. Ke2 Ke4 58. Kf2 Rf3+ 59. Ke2 Rh3 60.
Kf2 d4 61. Kg2 Ra3 62. Kf2 Kd3 63. Ke1 Kc2 64. Ke2 Kb2 0-1

[Event "15th LCC Super Rapid 2025"]
[Site "London ENG"]
[Date "2025.12.07"]
[Round "7.57"]
[White "Duke, Dillan"]
[Black "Willmoth, Robert F"]
[Result "1-0"]
[BlackTitle "CM"]
[WhiteElo "2031"]
[BlackElo "2130"]
[WhiteFideId "487538"]
[BlackFideId "402540"]
[EventDate "2025.12.06"]

1. e4 d6 2. d4 g6 3. Nc3 Bg7 4. Be3 a6 5. Qd2 Nd7 6. h4 h5 7. Nh3 b5 8. f3 Bb7
9. Ng5 c5 10. O-O-O Qc7 11. dxc5 Nxc5 12. Nd5 Qd8 13. Bd4 e5 14. Bc3 b4 15. Bxb4
a5 16. Bb5+ Kf8 17. Ba3 Rc8 18. Kb1 Nh6 19. Ne3 Ke7 20. Nc4 f6 21. Nh3 Nf7 22.
Nxa5 Ba8 23. Nb3 Nb7 24. Nf2 Qb6 25. c4 Rhd8 26. Nd3 Bh6 27. Qe2 Na5 28. Nxa5
Qxa5 29. Nb4 Qa7 30. Nd5+ Bxd5 31. Rxd5 Be3 32. Bb4 Rc7 33. Rhd1 Bd4 34. a3 Qb6
35. f4 Ra8 36. g4 Rh8 37. gxh5 Rxh5 38. f5 Rh6 39. fxg6 Rxg6 40. Rf1 Rc8 41. h5
Rh6 42. Qg4 Rd8 43. Qg7 Be3 44. Qg4 Ng5 45. a4 Nf7 46. a5 Qc7 47. Qf3 Bd4 48.
Bd2 Rdh8 49. a6 Rxh5 50. Qxf6+ Kf8 51. Rxd6 Qe7 52. Rd8+ Qxd8 53. Qxd8+ Kg7 54.
Qe7 Rf8 55. Be8 Rh2 56. Bxf7 Rxd2 57. Be6+ 1-0